Ecocardiografía en dos dimensiones y en modo-M para el clínico de pequeños animales / (Record no. 55344)

MARC details
000 -LEADER
fixed length control field 00593nam a22001937a 4500
005 - DATE AND TIME OF LATEST TRANSACTION
control field 20151215104341.0
008 - FIXED-LENGTH DATA ELEMENTS--GENERAL INFORMATION
fixed length control field a050610s2003 sp a 000 0 spa u
020 ## - INTERNATIONAL STANDARD BOOK NUMBER
International Standard Book Number 8493281131
100 1# - MAIN ENTRY--PERSONAL NAME
Personal name Boon, June A.
245 10 - TITLE STATEMENT
Title Ecocardiografía en dos dimensiones y en modo-M para el clínico de pequeños animales /
Statement of responsibility, etc June A. Boon
250 ## - EDITION STATEMENT
Edition statement 1a.ed.
260 ## - PUBLICATION, DISTRIBUTION, ETC. (IMPRINT)
Place of publication, distribution, etc Barcelona :
Name of publisher, distributor, etc Multimédica,
Date of publication, distribution, etc 2003
300 ## - PHYSICAL DESCRIPTION
Extent 99 p. :
Other physical details il. ;
Dimensions 21 cm.
504 ## - BIBLIOGRAPHY, ETC. NOTE
Bibliography, etc Incluye bibliografía
506 ## - RESTRICTIONS ON ACCESS NOTE
Terms governing access Rec. DGB.
650 #4 - SUBJECT ADDED ENTRY--TOPICAL TERM
Topical term or geographic name as entry element Ecocardiografía veterinaria
942 ## - ADDED ENTRY ELEMENTS (KOHA)
Source of classification or shelving scheme Biblioteca del Cogreso de los Estados Unidos
Koha item type Libro
Holdings
Estado de pérdida Fuente de clasificación Estado del daño No para préstamo Ubicación permanente Ubicación actual Apartado o colección Fecha de adquisición Edición Área del conocimiento Clasificación Código de Barras Date last seen Número de copia Tipo de recurso
  Biblioteca del Cogreso de los Estados Unidos     Biblioteca de la Facultad de Medicina Veterinaria y Zootecnia Biblioteca de la Facultad de Medicina Veterinaria y Zootecnia General 23/03/2015 1a ed. Ciencias Agropecuarias SF811 B66 2003 MVZ000000045 23/03/2015 C:1 Libro
  Biblioteca del Cogreso de los Estados Unidos     Biblioteca de la Facultad de Medicina Veterinaria y Zootecnia Biblioteca de la Facultad de Medicina Veterinaria y Zootecnia General 23/03/2015 1a ed. Ciencias Agropecuarias SF811 B66 2003 MVZ000000044 23/03/2015 C:2 Libro